000 00688nam a22002417a 4500
003 UA-OsUOA
001 25471
007 ta
008 20040415b un ||||| |||| 00| 0 ukr d
090 _a34(094):347.9(477)
_bЦ58
942 _cBK
040 _aUA-OsUOA
_bukr
_cUA-OsUOA
_dUA-OsUOA
245 _aЦивільний процесуальний кодекс України
_bНауково-практичний коментар
_cРед. В.В.Комаров
300 _a816 с.
955 _a0
041 _aukr
080 _a34(094):347.9(477)
020 _a966-633-024-5
260 _aХарків
_bОдіссей
_c2001
044 _aUA
650 7 _2UDC
999 _c311769
_d311769